<?xml version="1.0" encoding="UTF-8"?>
<record
    xmlns:xsi="http://www.w3.org/2001/XMLSchema-instance"
    xsi:schemaLocation="http://www.loc.gov/MARC21/slim http://www.loc.gov/standards/marcxml/schema/MARC21slim.xsd"
    xmlns="http://www.loc.gov/MARC21/slim">

  <leader>00844nam a22001577a 4500</leader>
  <controlfield tag="003">OSt</controlfield>
  <controlfield tag="005">20151008170516.0</controlfield>
  <controlfield tag="008">151008b        xxu||||| |||| 00| 0 eng d</controlfield>
  <datafield tag="040" ind1=" " ind2=" ">
    <subfield code="c">RUA</subfield>
  </datafield>
  <datafield tag="082" ind1=" " ind2=" ">
    <subfield code="a">AVM CHH 2009 B086 Or.1 </subfield>
  </datafield>
  <datafield tag="100" ind1=" " ind2=" ">
    <subfield code="9">2402</subfield>
    <subfield code="a">CHHENG, PAGNNAROTT.</subfield>
  </datafield>
  <datafield tag="245" ind1=" " ind2=" ">
    <subfield code="a">In saccodegradability of stem, leaves, whole of 5 mulatio II on cattle by using the nylon bag technique, &#x1780;&#x17B6;&#x179A;&#x1794;&#x17D2;&#x179A;&#x17BE;&#x1794;&#x17D2;&#x179A;&#x17B6;&#x179F;&#x17CB;&#x17A2;&#x17C6;&#x1796;&#x17B8;&#x1780;&#x17C6;&#x179A;&#x17B7;&#x178F;&#x179A;&#x179B;&#x17B6;&#x1799;&#x1795;&#x17D2;&#x179B;&#x17C2; &#x1786;&#x17B6;&#x1784;&#x200B; &#x179F;&#x17D2;&#x179B;&#x17B9;&#x1780; &#x1793;&#x17B7;&#x1784;&#x1792;&#x17B6;&#x1784;&#x1796;&#x17D2;&#x179A;&#x1794;&#x17AE;&#x1798;&#x1791;&#x17B6;&#x17C6;&#x1784;&#x179F;&#x17D2;&#x179B;&#x17B9;&#x1780;&#x1793;&#x17C3;&#x179F;&#x17D2;&#x1798;&#x17C5; MULATO II &#x1793;&#x17C5;&#x1785;&#x1793;&#x17D2;&#x179B;&#x17C4;&#x17C7;&#x1780;&#x17B6;&#x178F;&#x17CB;&#x200B; &#x17E5;&#x179F;&#x1794;&#x17D2;&#x178F;&#x17B6;&#x17A0;&#x17CF; &#x179B;&#x17BE;&#x1782;&#x17C4;&#x178A;&#x17C4;&#x1799;&#x1794;&#x17D2;&#x179A;&#x17BE;&#x179C;&#x17B7;&#x1792;&#x17B8;&#x179F;&#x17B6;&#x179F;&#x17D2;&#x178F;&#x17D2;&#x179A;&#x1790;&#x1784;&#x17CB;&#x1793;&#x17B8;&#x17A1;&#x17BB;&#x1784;</subfield>
  </datafield>
  <datafield tag="260" ind1=" " ind2=" ">
    <subfield code="a">phnom penh</subfield>
    <subfield code="b">RUA</subfield>
    <subfield code="c">2009 </subfield>
  </datafield>
  <datafield tag="300" ind1=" " ind2=" ">
    <subfield code="a">xi; 45p.</subfield>
    <subfield code="b">ill.</subfield>
    <subfield code="c">29cm.</subfield>
  </datafield>
  <datafield tag="942" ind1=" " ind2=" ">
    <subfield code="2">ddc</subfield>
    <subfield code="c">AVM</subfield>
  </datafield>
  <datafield tag="999" ind1=" " ind2=" ">
    <subfield code="c">2262</subfield>
    <subfield code="d">2262</subfield>
  </datafield>
  <datafield tag="952" ind1=" " ind2=" ">
    <subfield code="0">0</subfield>
    <subfield code="1">0</subfield>
    <subfield code="2">ddc</subfield>
    <subfield code="4">0</subfield>
    <subfield code="6">AVM_CHH_2009_000000000000000_B086_OR_1</subfield>
    <subfield code="7">0</subfield>
    <subfield code="9">9497</subfield>
    <subfield code="a">LBB</subfield>
    <subfield code="b">LBB</subfield>
    <subfield code="c">B086</subfield>
    <subfield code="d">2015-10-08</subfield>
    <subfield code="o">AVM CHH 2009 B086 Or.1</subfield>
    <subfield code="p">RUA019578</subfield>
    <subfield code="r">2015-10-08</subfield>
    <subfield code="w">2015-10-08</subfield>
    <subfield code="y">AVM</subfield>
  </datafield>
  <datafield tag="952" ind1=" " ind2=" ">
    <subfield code="0">0</subfield>
    <subfield code="1">0</subfield>
    <subfield code="2">ddc</subfield>
    <subfield code="4">0</subfield>
    <subfield code="6">AVM_CHH_2009_000000000000000_B086_OR_2</subfield>
    <subfield code="7">0</subfield>
    <subfield code="9">9498</subfield>
    <subfield code="a">LBB</subfield>
    <subfield code="b">LBB</subfield>
    <subfield code="c">B086</subfield>
    <subfield code="d">2015-10-08</subfield>
    <subfield code="l">1</subfield>
    <subfield code="o">AVM CHH 2009 B086 Or.2</subfield>
    <subfield code="p">RUA019069</subfield>
    <subfield code="r">2020-02-11</subfield>
    <subfield code="s">2020-01-14</subfield>
    <subfield code="w">2015-10-08</subfield>
    <subfield code="y">AVM</subfield>
  </datafield>
  <datafield tag="952" ind1=" " ind2=" ">
    <subfield code="0">0</subfield>
    <subfield code="1">0</subfield>
    <subfield code="2">ddc</subfield>
    <subfield code="4">0</subfield>
    <subfield code="6">AVM_CHH_2009_000000000000000_B086_OR_3</subfield>
    <subfield code="7">0</subfield>
    <subfield code="9">9499</subfield>
    <subfield code="a">LBB</subfield>
    <subfield code="b">LBB</subfield>
    <subfield code="c">B086</subfield>
    <subfield code="d">2015-10-08</subfield>
    <subfield code="o">AVM CHH 2009 B086 Or.3</subfield>
    <subfield code="p">RUA009335</subfield>
    <subfield code="r">2015-10-08</subfield>
    <subfield code="w">2015-10-08</subfield>
    <subfield code="y">AVM</subfield>
  </datafield>
  <datafield tag="952" ind1=" " ind2=" ">
    <subfield code="0">0</subfield>
    <subfield code="1">0</subfield>
    <subfield code="2">ddc</subfield>
    <subfield code="4">0</subfield>
    <subfield code="6">AVM_CHH_2009_000000000000000_B086_OR_4</subfield>
    <subfield code="7">0</subfield>
    <subfield code="9">9500</subfield>
    <subfield code="a">LBB</subfield>
    <subfield code="b">LBB</subfield>
    <subfield code="c">B086</subfield>
    <subfield code="d">2015-10-08</subfield>
    <subfield code="l">2</subfield>
    <subfield code="o">AVM CHH 2009 B086 Or.4</subfield>
    <subfield code="p">RUA006054</subfield>
    <subfield code="r">2020-07-21</subfield>
    <subfield code="s">2020-06-23</subfield>
    <subfield code="w">2015-10-08</subfield>
    <subfield code="y">AVM</subfield>
  </datafield>
  <datafield tag="952" ind1=" " ind2=" ">
    <subfield code="0">0</subfield>
    <subfield code="1">0</subfield>
    <subfield code="2">ddc</subfield>
    <subfield code="4">0</subfield>
    <subfield code="6">AVM_CHH_2009_000000000000000_B086_OR_5</subfield>
    <subfield code="7">0</subfield>
    <subfield code="9">9501</subfield>
    <subfield code="a">LBB</subfield>
    <subfield code="b">LBB</subfield>
    <subfield code="c">B086</subfield>
    <subfield code="d">2015-10-08</subfield>
    <subfield code="l">1</subfield>
    <subfield code="m">1</subfield>
    <subfield code="o">AVM CHH 2009 B086 Or.5</subfield>
    <subfield code="p">RUA017135</subfield>
    <subfield code="r">2016-04-20</subfield>
    <subfield code="s">2016-03-16</subfield>
    <subfield code="w">2015-10-08</subfield>
    <subfield code="y">AVM</subfield>
  </datafield>
  <datafield tag="952" ind1=" " ind2=" ">
    <subfield code="0">0</subfield>
    <subfield code="1">0</subfield>
    <subfield code="2">ddc</subfield>
    <subfield code="4">0</subfield>
    <subfield code="6">AVM_CHH_2009_000000000000000_B086_OR_6</subfield>
    <subfield code="7">0</subfield>
    <subfield code="9">9502</subfield>
    <subfield code="a">LBB</subfield>
    <subfield code="b">LBB</subfield>
    <subfield code="c">B086</subfield>
    <subfield code="d">2015-10-08</subfield>
    <subfield code="o">AVM CHH 2009 B086 Or.6</subfield>
    <subfield code="p">RUA017372</subfield>
    <subfield code="r">2015-10-08</subfield>
    <subfield code="w">2015-10-08</subfield>
    <subfield code="y">AVM</subfield>
  </datafield>
  <datafield tag="952" ind1=" " ind2=" ">
    <subfield code="0">0</subfield>
    <subfield code="1">0</subfield>
    <subfield code="2">ddc</subfield>
    <subfield code="4">0</subfield>
    <subfield code="6">AVM_CHH_2009_000000000000000_B086_OR_7</subfield>
    <subfield code="7">0</subfield>
    <subfield code="9">9503</subfield>
    <subfield code="a">LBB</subfield>
    <subfield code="b">LBB</subfield>
    <subfield code="c">B086</subfield>
    <subfield code="d">2015-10-08</subfield>
    <subfield code="o">AVM CHH 2009 B086 Or.7</subfield>
    <subfield code="p">RUA017205</subfield>
    <subfield code="r">2015-10-08</subfield>
    <subfield code="w">2015-10-08</subfield>
    <subfield code="y">AVM</subfield>
  </datafield>
  <datafield tag="952" ind1=" " ind2=" ">
    <subfield code="0">0</subfield>
    <subfield code="1">0</subfield>
    <subfield code="2">ddc</subfield>
    <subfield code="4">0</subfield>
    <subfield code="6">AVM_CHH_2009_000000000000000_B086_OR_8</subfield>
    <subfield code="7">0</subfield>
    <subfield code="9">9504</subfield>
    <subfield code="a">LBB</subfield>
    <subfield code="b">LBB</subfield>
    <subfield code="c">B086</subfield>
    <subfield code="d">2015-10-08</subfield>
    <subfield code="o">AVM CHH 2009 B086 Or.8</subfield>
    <subfield code="p">RUA017093</subfield>
    <subfield code="r">2015-10-08</subfield>
    <subfield code="w">2015-10-08</subfield>
    <subfield code="y">AVM</subfield>
  </datafield>
</record>
